Sprichwörter und Idiome mit Körperteilen - Statistiken

Allgemein
  • Dieses Quiz wurde 921 mal gespielt
    848 seit der letzten Aktualisierung
  • Das Durchschnittsergebnis liegt bei 57 aus 104
Antwortstatistiken
Antwort % Korrekt
{Blut} ist dicker als Wasser
90%
Bis über beide {Ohren} verliebt
83%
Das Thema liegt mir sehr am {Herzen}
80%
Einen Kloß im {Hals} haben
80%
Etwas auf die leichte {Schulter} nehmen
80%
Hals über {Kopf}
80%
Das hat Hand und {Fuß}
79%
Dem ist eine Laus über die {Leber} gelaufen
79%
Das geht mir quer am {Arsch} vorbei
78%
Das Glück dieser Erde liegt auf dem {Rücken} der Pferde
78%
Bis zum {Hals} im Schlamassel stecken
77%
Die {Zähne} zusammenbeißen
76%
Das geht mir unter die {Haut}
75%
Die Lösung liegt doch auf der {Hand}
75%
Etwas in den falschen {Hals} bekommen
75%
{Haar}scharf vorbei
75%
Jemandem Honig ums {Maul} schmieren
75%
Es liegt mir auf der {Zunge}
74%
Immer der {Nase} nach
74%
Jemandem auf die {Nerven} gehen
73%
Jemandem unter die {Arme} greifen
73%
Liebe geht durch den {Magen}
73%
Jemandem die {Ohren} langziehen
72%
Jemanden um den {Finger} wickeln
72%
Mit beiden {Beinen} im Leben stehen
72%
Schmetterlinge im {Bauch} haben
71%
Die {Nase} voll haben
70%
Einen grünen {Daumen} haben
69%
Ein Spatz in der {Hand} ist besser als die Taube auf dem Dach
69%
Schönheit liegt im {Auge} des Betrachters
69%
Den {Kopf} einziehen
68%
Ein paar Kilo zu viel auf den {Rippen} haben
68%
Nur noch {Haut} und Knochen sein
68%
Es ist zum Aus-der-{Haut}-Fahren!
67%
Das geht mir durch {Mark} und Bein
66%
Aus voller {Lunge} singen
65%
Ich hab da so ein {Bauch}gefühl
65%
Das ist meine Achilles{ferse}
64%
Eine dicke {Lippe} riskieren
64%
Jemandem das Messer an die {Gurgel} legen
64%
Die Gelegenheit beim {Schopfe} packen
63%
Essen hält Leib und {Seele} zusammen
63%
Einen {Zahn} zulegen
62%
Etwas auf Herz und {Nieren} prüfen
62%
Den {Finger} in die Wunde legen
61%
Nicht lang schnacken, Kopp in'n {Nacken}!
61%
Mit stolz geschwellter {Brust}
60%
Sich an die eigene {Nase} fassen
60%
Den {Hals} nicht vollbekommen können
59%
Jemandem die {Stirn} bieten
59%
Die andere {Wange} auch hinhalten
58%
Er aber, sag's ihm, er kann mich im {Arsche} lecken
57%
Sich am {Arsch} der Welt befinden
57%
Etwas im kleinen {Zeh} spüren
56%
{Schenkel}klopfer
56%
{Blut} geleckt haben
55%
Jemandem die {Daumen} drücken
55%
Sich an etwas die {Finger} verbrennen
55%
Sich auf die {Zunge} beißen
55%
Sich die {Haare} raufen
55%
Viel um die {Ohren} haben
55%
Da rollen sich einem ja die {Zehennägel} hoch!
54%
Ein {Auge} auf etwas werfen
53%
Sich etwas durch den {Kopf} gehen lassen
53%
Sich ins eigene {Fleisch} schneiden
53%
Vor dem Reden {Gehirn} einschalten!
53%
Ein dickes {Fell} haben
52%
Es brennt mir unter den {Nägeln}
50%
Sie brach ihm das {Herz}
50%
Die {Beine} in die Hand nehmen
49%
Sich ein {Bein} ausreißen
49%
Ein gebärfreudiges {Becken}
48%
Sein {Fett} wegkriegen
48%
Auf {Zehenspitzen} schleichen
47%
Jemanden vor den {Kopf} schlagen
46%
Nass bis auf die {Haut}
45%
Nass bis auf die {Knochen}
43%
'nen dicken {Hals} kriegen
43%
Zwischen Leber und {Milz} passt immer noch ein Pils
43%
Nichts übers {Knie} brechen
42%
Das geht mir an die {Nieren}
40%
Jemandem vors {Schienbein} treten
40%
Eine Wespen{taille} haben
36%
Dieser hat Haare auf der {Zunge} ...
35%
Auf dem {Zahnfleisch} gehen
34%
Der {Zahn} der Zeit
33%
Krause {Haare}, krauser Sinn
32%
... und jene auf den {Zähnen}
32%
Der {Nabel} der Welt
31%
Aus der {Hüfte} schießen
29%
{knochen}trocken
28%
Sich das {Genick} brechen
28%
Die {Muskeln} spielen lassen
26%
Spitzes {Kinn}, böser Sinn
23%
Das kribbelt bis in die {Haarspitzen}
21%
Auf die {Tränendrüse} drücken
20%
Auf den {Hacken} kehrt machen
19%
Eine Lösung aus dem {Handgelenk} schütteln
18%
Alles Muskeln und {Samenstränge}!
12%
Der {Scheitel}punkt des Lebens
12%
{Ellenbogen}gesellschaft
11%
Sich {Gehör} verschaffen
11%
Jemandem um den {Bart} gehen
8%
Jemandem einen {Scheitel} ziehen
4%
Keine übereinstimmenden Quizze gefunden
Verteilung der Resultate
Anzahl Personen mit jedem Resultat
Perzentil nach korrekt beantworteten Fragen
Ihre Resultats-Entwicklung
Sie haben dieses Quiz seit der letzten Aktualisierung nicht gespielt